000 00831nam a22001577a 4500
999 _c4463
_d234967
020 _a9789503312711
080 _a341.63 Ac 69
100 _aAcosta Juan Francisco
245 _aLos Tratados bilaterales de Inversión y el Arbitraje internacional.
_bla experiencia argentina reciente
260 _aCórdoba
_bUniversidad nacional de Córdoba
_c2016
300 _a408 P.
_c23 x 16 Cm.
490 _aTextos de Estudio
650 _xderecho comercial
_xcomercio internacional
_xderecho internacional publico
_xinversiones extranjeras
_xley 14222
_xley 14780
_xley18587
_xley 19151
_xley 20557
_xley 21382
_xjoint venture
_xdoctrina Calvo
_xtratados bilaterales de inversion
_xTBIS
_xCIADI
_xarbitraje internacional
_xexequatur
_xlaudo arbitral
_xcaso Vivendi
_xcaso Lanco
_xcaso CMS
_xcaso Maffezini
_xcaso Wena
942 _6_
945 _acd
_d2017-06-01